Výtvarná Dubnica 1988

Bibliographic Details
Main Author: Kvasnička, Marián, 1955- (Author)
Format: Article
Language:Slovak
Subjects:

MARC

LEADER 00000nab a2200000 a 4500
001 vtls000330969
003 SK-MaSNL
005 20260303043306.0
008 111201c1988 xo 0 slo
015 |a SNBRB19rr/mm-uuuuu 
035 |a CL0331091 
040 |a SNKBUCL  |b slo  |c SNKBUCL  |e AACR2 
041 0 |a slo 
044 |a xo  |c SK 
080 |a 73/76.077:061.4  |2 1981 
080 |a 061.4  |2 1981 
100 1 |a Kvasnička, Marián,  |d 1955-  |4 aut  |9 133689 
245 1 0 |a Výtvarná Dubnica 1988  |c Marián Kvasnička 
500 |a Fot. 10. 
611 2 7 |a Výtvarná Dubnica  |n (26. :  |d 1988 :  |c Dubnica nad Váhom, Slovensko)  |2 snkbucl  |9 951991 
650 0 7 |a amatérske výtvarné umenie  |2 snkbucl  |9 74225 
651 7 |a Dubnica nad Váhom (Slovensko)  |2 snkbucl  |9 58303 
655 7 |a články z novín a časopisov  |2 snkbucl  |9 267496 
773 0 |t Výtvarníctvo fotografia film  |g Roč. 26, č. 9 (1988), s. 6-10 
850 |a Slovenská národná knižnica v Martine  |a MTA001 
852 |a SNK  |b KIS3GCP 
992 |a RBX 
999 |c 1696258  |d 1698188